000 00767nam a2200253 a 4500
005 20200104041524.0
008 140121b2000 ck ||||| |||| 00| 0 spa d
040 _cCO-BoIH
041 _aspa
044 _ack
090 _aIAvH
_b00157
100 _aBello, Juan Carlos
_93704
110 _bInstituto de Investigación de Recursos Biológicos Alexander von Humboldt
_9204
245 _aAtlas de la biodiversidad de Colombia
260 _aBogotá
_bInstituto Alexander von Humboldt
_c2000
300 _a33 p.
650 _aManual del usuario
_992224
650 _aBiodiversidad
_992204
650 _aBiogeografía
_930931
650 _aBioindicadores
_94131
650 _aIndicadores biológicos
_94493
700 _aVarón, Andrés
_94494
942 _cINFORME
_2z
999 _c1799
_d1799